Memoria irregolare : vent'anni di testi lesbici selezionati da Bollettina del CLI /
Guardat en:
| Autor corporatiu: | |
|---|---|
| Format: | Llibre |
| Idioma: | italià |
| Publicat: |
[Roma] :
BLI,
2002
|
| Col·lecció: | Squaderno ;
6 |
| Etiquetes: |
Sense etiquetes, Sigues el primer a etiquetar aquest registre!
|
MARC
| LEADER | 00000nam a22000007ia4500 | ||
|---|---|---|---|
| 001 | IT\ICCU\UBO\2445045 | ||
| 003 | ItRI | ||
| 005 | 20260226163413.0 | ||
| 008 | 040517s2002 it |||||| ||||| |||||c | ||
| 020 | |a 9788897512028 | ||
| 040 | |b ita |c ct | ||
| 041 | 7 | |a ita |2 ISO-639-2 | |
| 130 | 0 | |a Memoria irregolare | |
| 245 | 0 | 0 | |a Memoria irregolare : |b vent'anni di testi lesbici selezionati da Bollettina del CLI / |c [Collegamento Lesbiche Italiane]. |
| 260 | |a [Roma] : |b BLI, |c 2002 | ||
| 300 | |a 198 p. : |b ill. ; |c 24 cm | ||
| 710 | 2 | |a Collegamento lesbiche italiane |0 IT\ICCU\RMSV\642191 | |
| 774 | 0 | |w IT\ICCU\UBO\4614285 |t Appunti di una femminista lesbica in tempi di guerra | |
| 830 | 0 | |a Squaderno ; |v 6 |0 IT\ICCU\UBO\1630428 | |
| 942 | |2 ddc |c BK | ||
| 952 | |0 0 |1 0 |2 ddc |4 0 |6 B_SSR04COLLEMEM11 |7 0 |9 8550 |a MI |b MI |d 2012-03-30 |i 6417 |l 0 |o B-SSR04-COLLE-MEM11 |p CDOM6417 |r 2025-07-17 21:50:30 |w 2025-07-17 |x DONO |y BK | ||
| 952 | |0 0 |1 0 |4 0 |6 L_306_766000000000000_MEM |7 0 |9 21640 |a BO |b BO |d 2026-01-15 |i 16343 |l 0 |o L 306.766 MEM |p BO16343 |r 2026-01-15 23:22:04 |w 2026-01-15 |x [Sebina 5] [1 v.] |y BK |z 1 v. (2. ed., ma rist. 2011. - 2. copia) | ||
| 952 | |0 0 |1 0 |4 0 |6 L_306_766000000000000_MEM |7 0 |9 21641 |a BO |b BO |d 2026-01-15 |i 7304 |l 0 |o L 306.766 MEM |p BO7304 |r 2026-01-15 23:22:04 |w 2026-01-15 |x [Sebina 5] [1 v.] |y BK |z 1 v. | ||
| 999 | |c 7122 |d 7122 | ||